| 000 | 02745nam0a2200445 4500 | ||
|---|---|---|---|
| 001 | RU\NLR\BIBL_A\022099828 | ||
| 005 | 20240111103700.0 | ||
| 010 |
_a978-5-9282-1725-9 _9300 |
||
| 021 |
_aRU _bКН-П-23-073720 _9КН-П-23-1220 |
||
| 021 |
_aRU _bКН-П-23-073720 _9КН-П-23-7453 |
||
| 035 | _a(NLR Aleph) 022099828 | ||
| 035 | _a(RuMoRGB)012372028 | ||
| 090 |
_a12742990 _c12742990 |
||
| 100 | _a20231220d2022 k y0rusy50 ca | ||
| 101 | 0 | _arus | |
| 102 | _aRU | ||
| 105 | _aa z 000yy | ||
| 181 | 0 |
_ai3 _baxxe |
|
| 182 | 1 | _an | |
| 200 | 1 |
_aПорошковые и порошково-активированные бетоны с использованием горных пород и зол ТЭЦ _eмонография _fЕ. А. Белякова, Р. Н. Москвин, О. В. Тараканов, В. С. Юрова _gМинистерство науки и высшего образования Российской Федерации, Федеральное государственное бюджетное образовательное учреждение высшего образования "Пензенский государственный университет архитектуры и строительства" (ПГУАС) |
|
| 203 |
_aТекст _bвизуальный _cнепосредственный |
||
| 210 |
_aПенза _cИзд-во ПГУАС _d2022 |
||
| 215 |
_a175 с. _cил., табл. _d21 |
||
| 300 | _aАвт. указаны на обороте тит. с. | ||
| 320 | _aБиблиогр.: с. 153-164 (150 экз.) | ||
| 606 | 1 |
_aБетон _xПроизводство из отходов _91165187 _3RU\NLR\AUTH\66149056 |
|
| 606 | 1 |
_aБетон _xДобавки золы-уноса _91135270 _3RU\NLR\AUTH\66132539 |
|
| 675 |
_a691.32 _v4 |
||
| 686 | 1 | _aН626.102 | |
| 686 | 1 | _aН331.001.41 | |
| 701 | 1 |
_7ca _8rus _aБелякова _bЕ. А. _cканд. техн. наук, строительные материалы _f1971- _gЕлена Александровна _9251996 _3RU\NLR\AUTH\770252052 |
|
| 701 | 1 |
_aМосквин _bР. Н. _gРоман Николаевич |
|
| 701 | 1 |
_aТараканов _bО. В. _cд-р техн. наук, строит. материалы, землеустройство _f1960- _gОлег Вячеславович _9146358 _3RU\NLR\AUTH\770146394 |
|
| 701 | 1 |
_aЮрова _bВ. С. _gВарвара Сергеевна |
|
| 712 | 0 | 2 |
_4475 _aПензенский государственный университет архитектуры и строительства _9600974 _3RU\NLR\AUTH\8810050415 |
| 942 | _cBOOK | ||
| 980 | _aNB | ||